[Event "65. BEM 2011"]
[Site "Dortmund"]
[Date "2011.02.08"]
[Round "2.13"]
[White "Zachos, Ingo"]
[Black "Büchle, Manfred"]
[Result "1-0"]
[WhiteElo "1999"]
[BlackElo "1853"]
[PlyCount "79"]
[EventDate "2011.??.??"]
[Source "SG Dortmund"]
[SourceDate "2004.12.16"]

1. e4 c5 2. Nc3 Nc6 3. g3 Nf6 4. Bg2 d6 5. d3 e6 6. f4 a6 7. Be3 Qc7 8. h3 Be7
9. Nf3 Rb8 10. O-O O-O 11. g4 b5 12. a3 Bb7 13. Ne2 d5 14. e5 Nd7 15. c3 f6 16.
d4 fxe5 17. fxe5 Rbe8 18. Nf4 Nd8 19. Qd2 Qb6 20. b4 cxb4 21. cxb4 Rf7 22. Rf2
Nf8 23. Nd3 Ng6 24. Nc5 Nh4 25. Ng5 Rxf2 26. Qxf2 Nxg2 27. Qxg2 Bxc5 28. bxc5
Qc7 29. Qc2 g6 30. Rf1 Qg7 31. Rf6 Bc8 32. c6 Qc7 33. Rxg6+ Kh8 34. Rh6 Re7 35.
Qg6 Nxc6 36. Qf6+ Kg8 37. Rh5 Qa5 38. Nxe6 Qe1+ 39. Kg2 Qxe3 40. Qf8# 1-0

[Event "65. BEM 2011"]
[Site "Dortmund"]
[Date "2011.02.08"]
[Round "2.15"]
[White "Gennat, Egon L"]
[Black "Vojdani, Bahram"]
[Result "0-1"]
[WhiteElo "1318"]
[BlackElo "1596"]
[PlyCount "139"]
[EventDate "2011.??.??"]
[Source "SG Dortmund"]
[SourceDate "2004.12.16"]

1. d4 Nf6 2. Nf3 e6 3. c4 d5 4. Nc3 c6 5. Bg5 h6 6. Bh4 Be7 7. e3 O-O 8. Bd3
Nbd7 9. cxd5 exd5 10. O-O Re8 11. Qc2 Ne4 12. Bxe7 Qxe7 13. Rac1 Ndf6 14. Ne5
Nxc3 15. bxc3 Be6 16. c4 dxc4 17. Bxc4 Rac8 18. Qb3 Bxc4 19. Qxc4 Ne4 20. Rc2
c5 21. Qd3 Nf6 22. Rfc1 b6 23. Qb3 Rc7 24. Nd3 Rec8 25. dxc5 bxc5 26. h3 Nd7
27. Nf4 Nf6 28. Rc4 Qe5 29. Nd3 Qd6 30. Nf4 Qb6 31. Nd3 Nd7 32. Qc3 Qd6 33. Rd1
Qe7 34. Nf4 Nf6 35. Nd5 Nxd5 36. Rxd5 Rc6 37. Re5 Qd6 38. Rce4 R6c7 39. Re8+
Rxe8 40. Rxe8+ Kh7 41. Qc2+ Qg6 42. e4 f6 43. Re6 Kg8 44. Rd6 Qe8 45. f3 Kf8
46. Qc4 Rc6 47. Qd3 Rxd6 48. Qxd6+ Qe7 49. Qd5 Qc7 50. Kf2 Ke7 51. Qg8 Kd6 52.
g3 Kc6 53. Qd5+ Kb6 54. Qc4 Qd6 55. Qb3+ Kc7 56. Qf7+ Qd7 57. Qb3 Qd4+ 58. Ke2
c4 59. Qe3 Qxe3+ 60. Kxe3 Kc6 61. Kd4 Kb5 62. Kc3 (62. a3 $1) 62... Kc5 63. a3
g5 64. g4 $4 {Weiss stand auf Gewinn. Nach dieser schrecklichen
"Selbstentwertung" seiner Majoritaet dreht sich der Spiess um! (Schulenburg)}
64... a6 $1 $19 65. Kc2 Kd4 66. Kd2 c3+ 67. Kc2 Kc4 68. a4 a5 69. Kc1 Kb3 70.
Kb1 0-1

[Event "65. BEM 2011"]
[Site "Dortmund"]
[Date "2011.02.08"]
[Round "2.16"]
[White "Dite, Alexander"]
[Black "Jentzsch, Werner Wilfried"]
[Result "1-0"]
[WhiteElo "1593"]
[BlackElo "1301"]
[PlyCount "55"]
[EventDate "2011.??.??"]
[Source "SG Dortmund"]
[SourceDate "2004.12.16"]

1. d4 e6 2. c4 d5 3. Nf3 Nf6 4. Bg5 Be7 5. Nc3 Nc6 6. e3 O-O 7. Bd3 dxc4 8.
Bxc4 Re8 9. O-O Nd5 10. Bxe7 Ncxe7 11. e4 Nxc3 12. bxc3 Kh8 13. Ne5 Rf8 14. f4
f5 15. exf5 Nxf5 16. Rf3 Rf6 17. Rh3 Qe7 18. g4 Nd6 19. g5 Nxc4 20. gxf6 Qxf6
21. Qh5 h6 22. Nxc4 b6 23. Qe5 Qg6+ 24. Rg3 Qf7 25. Kf2 Ba6 26. Ne3 Bd3 27. Ng4
Qg6 28. Rag1 1-0

[Event "65. BEM 2011"]
[Site "Dortmund"]
[Date "2011.02.08"]
[Round "2.17"]
[White "Müller, Carsten"]
[Black "Gegner, Michael"]
[Result "0-1"]
[WhiteElo "1299"]
[BlackElo "1567"]
[PlyCount "50"]
[EventDate "2011.??.??"]
[Source "SG Dortmund"]
[SourceDate "2004.12.16"]

1. d4 Nf6 2. c4 e5 3. dxe5 Ne4 4. Qd4 Nc5 5. Nf3 Nc6 6. Qf4 d6 7. exd6 Bxd6 8.
Qg5 Be7 9. Qd2 Bd7 10. Nc3 O-O 11. a3 Nb3 12. Qd3 Nxa1 13. Nd5 f6 14. b4 Ne5
15. Nxe5 fxe5 16. Qc3 c6 17. Nxe7+ Qxe7 18. Qxa1 Qh4 19. g3 Qe4 20. f3 Qxc4 21.
Bb2 Be6 22. Bxe5 Rf7 23. e4 Qb3 24. Bg2 Qe3+ 25. Kf1 Bc4# 0-1

[Event "65. BEM 2011"]
[Site "Dortmund"]
[Date "2011.02.08"]
[Round "2.18"]
[White "Benke, Werner"]
[Black "Dirks, Rainer"]
[Result "1-0"]
[WhiteElo "1543"]
[BlackElo "1258"]
[PlyCount "61"]
[EventDate "2011.??.??"]
[Source "SG Dortmund"]
[SourceDate "2004.12.16"]

1. d4 d5 2. c4 e5 3. dxe5 d4 4. Nf3 Nc6 5. e3 Bb4+ 6. Bd2 Bxd2+ 7. Qxd2 dxe3 8.
Qxe3 Nh6 9. Bd3 Bf5 10. Be4 Bxe4 11. Qxe4 Nb4 12. O-O O-O 13. Nc3 c6 14. Rad1
Qc7 15. a3 Na6 16. b4 Rfe8 17. Rfe1 Nb8 18. Qd3 Na6 19. Ng5 g6 20. f4 Rad8 21.
Qh3 Rxd1 22. Rxd1 Kg7 23. Nce4 Rd8 24. Nd6 Rh8 25. c5 Nb8 26. e6 f6 27. Nge4
Qe7 28. f5 Na6 29. Nxb7 Nb8 30. Nbd6 Nd7 31. Nc8 1-0

[Event "65. BEM 2011"]
[Site "Dortmund"]
[Date "2011.02.08"]
[Round "2.19"]
[White "Tekin, Baran"]
[Black "Krüger, Inge"]
[Result "1-0"]
[WhiteElo "1481"]
[BlackElo "1246"]
[PlyCount "107"]
[EventDate "2011.??.??"]
[Source "SG Dortmund"]
[SourceDate "2004.12.16"]

1. d4 d5 2. c4 e6 3. Nc3 Nf6 4. Nf3 Be7 5. Bf4 O-O 6. h3 Nbd7 7. cxd5 exd5 8.
e3 c6 9. Bd3 Re8 10. Rb1 Nf8 11. b4 Bd6 12. Bxd6 Qxd6 13. Na4 b6 14. Qc2 Ne4
15. O-O Bd7 16. Ne5 Rad8 17. Rfc1 Re6 18. b5 cxb5 19. Nxd7 Nxd7 20. Bxb5 Ndf6
21. Qc7 Re7 22. Qxd6 Nxd6 23. Ba6 Kf8 24. Rc6 Nb7 25. Bxb7 Rxb7 26. Nc3 Ke8 27.
Nb5 Ke7 28. Rbc1 Rdd7 29. f3 Ne8 30. Kf2 Nd6 31. a4 Nc4 32. Ke2 Na5 {(=)} 33.
R6c3 a6 34. Na3 b5 35. axb5 axb5 36. Nb1 Kd6 37. Ra3 Nc4 38. Ra6+ Rb6 39. Rxb6+
Nxb6 40. Nc3 b4 41. Nb5+ Ke7 42. Rb1 Rb7 43. Rxb4 Nc4 44. Nc3 Rxb4 45. Nxd5+
Kd6 46. Nxb4 Nb6 47. Kd3 f5 48. e4 fxe4+ 49. fxe4 Ke6 50. d5+ Kd6 51. Kd4 Nd7
52. Nd3 g6 53. e5+ Ke7 54. d6+ 1-0

[Event "65. BEM 2011"]
[Site "Dortmund"]
[Date "2011.02.08"]
[Round "2.20"]
[White "Skoecz, Horst"]
[Black "Raabe, Hans-Ulrich"]
[Result "1-0"]
[WhiteElo "1250"]
[BlackElo "1468"]
[PlyCount "51"]
[EventDate "2011.??.??"]
[Source "SG Dortmund"]
[SourceDate "2004.12.16"]

1. e4 e5 2. Nf3 Nc6 3. d4 exd4 4. Nxd4 Bc5 5. Nxc6 Qf6 6. Qe2 Qxc6 7. c3 d6 8.
a4 a6 9. Nd2 Be6 10. b4 Bb6 11. c4 Bd4 12. Ra3 Nf6 13. f3 O-O 14. g3 b5 15. Qd3
Bb6 16. Rc3 bxa4 17. Ba3 Rfd8 18. b5 Qb7 19. bxa6 Qxa6 20. c5 dxc5 21. Qxa6
Rxa6 22. Bxa6 Ba5 23. Rd3 Rb8 24. Kf2 Bb6 25. Nc4 Ba7 26. Rhd1 1-0

[Event "65. BEM 2011"]
[Site "Dortmund"]
[Date "2011.02.08"]
[Round "2.21"]
[White "Grawe, Herbert"]
[Black "Da Costa, Pablo"]
[Result "1-0"]
[WhiteElo "1457"]
[BlackElo "1083"]
[PlyCount "61"]
[EventDate "2011.??.??"]
[Source "SG Dortmund"]
[SourceDate "2004.12.16"]

1. Nc3 e5 2. e4 Nf6 3. a3 Nc6 4. Bc4 Bc5 5. h3 a6 6. d3 h6 7. f4 d6 8. f5 b5 9.
Ba2 Bb7 10. Nf3 Qe7 11. b4 Ba7 12. Qe2 O-O-O 13. Rb1 g6 14. fxg6 fxg6 15. a4
bxa4 16. Nxa4 d5 17. Nc5 Bxc5 18. bxc5 Qxc5 19. Be3 Qa5+ 20. c3 Qxc3+ 21. Kf2
dxe4 22. Be6+ Kb8 23. Qa2 Nb4 24. Rxb4 Qxb4 25. Nxe5 Rhf8 26. Kg3 exd3 27. Rb1
Qd6 28. Qb2 Qxe5+ 29. Qxe5 Ka8 30. Qxc7 Rb8 31. Qb6 1-0

[Event "65. BEM 2011"]
[Site "Dortmund"]
[Date "2011.02.08"]
[Round "2.22"]
[White "Wangrin, Stefan A"]
[Black "Gerke, Dieter"]
[Result "0-1"]
[WhiteElo "1157"]
[BlackElo "1442"]
[PlyCount "136"]
[EventDate "2011.??.??"]
[Source "SG Dortmund"]
[SourceDate "2004.12.16"]

1. e4 c5 2. Nf3 d6 3. Bc4 e6 4. O-O Nf6 5. d3 Be7 6. c3 Bd7 7. d4 cxd4 8. Qxd4
Nc6 9. Qe3 Qc7 10. Bb3 O-O 11. Bc2 Ng4 12. Qd3 Nce5 13. Nxe5 Nxe5 14. Qg3 Qb6
15. b3 Bf6 16. Be3 Qc7 17. Nd2 Qxc3 18. Rac1 Qa5 19. a4 Rac8 20. f4 Ng6 21. Nc4
Rxc4 22. bxc4 Bxa4 23. Bxa4 Qxa4 24. f5 Be5 25. Qg4 exf5 26. exf5 Qd7 27. Qh5
Ne7 28. Rf3 d5 29. Rcf1 dxc4 30. Rh3 Re8 31. Qxh7+ Kf8 32. Bc5 Bd4+ 33. Bxd4
Qxd4+ 34. Kh1 Ng8 35. Rhf3 c3 36. Rg3 c2 37. f6 Qxf6 38. Rgf3 Rc8 39. Rc1 Qg5
40. Rff1 Qb5 41. Kg1 Qb6+ 42. Kh1 Qb3 43. Qe4 Nf6 44. Qh4 Qd3 45. Qh8+ {(=)}
45... Ng8 46. h3 b5 47. Qh4 a5 48. Qf2 Nf6 49. Qa7 b4 50. Qxa5 Nd5 51. Kh2 Kg8
52. Qa7 Rc7 53. Qa4 b3 54. Qe8+ Kh7 55. Rxf7 b2 56. Rf8 Kh6 57. Rh8+ Kg5 58.
Qh5+ Kf6 59. Rf8+ Ke6 60. Re1+ Kd6 61. Rd8+ Kc5 62. Qh8 c1=Q 63. Qf8+ Kd4 64.
Qf2+ Kc4 65. Qh4+ Kc3 66. Rxc1+ bxc1=Q 67. Qh5 Qf4+ 68. Kg1 Qde3+ 0-1

[Event "65. BEM 2011"]
[Site "Dortmund"]
[Date "2011.02.08"]
[Round "2.23"]
[White "Reineke, Tobias"]
[Black "Rabe, Mark"]
[Result "1-0"]
[WhiteElo "1430"]
[BlackElo "998"]
[PlyCount "75"]
[EventDate "2011.??.??"]
[Source "SG Dortmund"]
[SourceDate "2004.12.16"]

1. e4 Nc6 2. d4 d6 3. Nf3 e5 4. dxe5 Nxe5 5. Nxe5 dxe5 6. Qxd8+ Kxd8 7. Bc4 Be6
8. Bxe6 fxe6 9. O-O h6 10. Rd1+ Ke8 11. Be3 Nf6 12. f3 Be7 13. Nd2 g5 14. h3
Nh5 15. Nc4 Bf6 16. Rd2 b6 17. Rad1 Rh7 18. b4 Rd8 19. Rxd8+ Bxd8 20. Nxe5 Bf6
21. Nc6 a6 22. a4 Rd7 23. Rxd7 Kxd7 24. Nb8+ Kc8 25. Nxa6 Bc3 26. Kf2 Kb7 27.
b5 Be5 28. c4 c5 29. a5 Nf4 30. axb6 Nd3+ 31. Ke2 Nb2 32. Nxc5+ Kb8 33. Nd7+
Kb7 34. Nxe5 Nxc4 35. Nxc4 g4 36. hxg4 e5 37. Bxh6 Ka8 38. g5 1-0

[Event "65. BEM 2011"]
[Site "Dortmund"]
[Date "2011.02.08"]
[Round "2.24"]
[White "Strotmann, Dieter"]
[Black "Wilkins, Petra"]
[Result "0-1"]
[WhiteElo "1343"]
[BlackElo "778"]
[PlyCount "94"]
[EventDate "2011.??.??"]
[Source "SG Dortmund"]
[SourceDate "2004.12.16"]

1. Nf3 d6 2. d4 Nf6 3. g3 g6 4. Bg2 Nc6 5. O-O Bg7 6. c3 Nd7 7. e4 O-O 8. Re1
e5 9. dxe5 Ndxe5 10. Na3 Kh8 11. Nxe5 Nxe5 12. f4 Bg4 13. Qd2 Nf3+ 14. Bxf3
Bxf3 15. Qd3 Bg4 16. Be3 Qd7 17. Rf1 Bh3 18. Rf2 h5 19. Bd4 h4 20. Bxg7+ Kxg7
21. gxh4 Qg4+ 22. Qg3 Rh8 23. Qxg4 Bxg4 24. f5 Rxh4 25. Raf1 g5 26. Nb5 Bh3 27.
Re1 Rah8 28. Nxc7 Kf6 29. Nd5+ Ke5 30. c4 Rg4+ 31. Kh1 Rhh4 32. Nc3 Rf4 33.
Rxf4 gxf4 34. Re2 Rg4 35. Rf2 Kd4 36. b3 Kxc3 37. Rf3+ Kd4 38. Rxh3 Kxe4 39.
Rh6 Kxf5 40. Rxd6 Ke4 41. Rd1 f3 42. Rg1 f5 43. h3 Rh4 44. Kh2 f2 45. Rf1 Kf3
46. c5 Re4 47. a4 Re1 0-1

[Event "65. BEM 2011"]
[Site "Dortmund"]
[Date "2011.02.08"]
[Round "2.25"]
[White "Da Costa-Hoppe, Andreas"]
[Black "Schlepütz, Volker"]
[Result "0-1"]
[WhiteElo "1040"]
[BlackElo "1326"]
[PlyCount "88"]
[EventDate "2011.??.??"]
[Source "SG Dortmund"]
[SourceDate "2004.12.16"]

1. e4 g6 2. d4 Bg7 3. Nf3 d6 4. h3 a6 5. Nc3 b5 6. b4 c5 7. Be3 cxb4 8. Nd5 Bb7
9. Qd2 Nc6 10. Bd3 Nf6 11. Nxf6+ Bxf6 12. Rb1 O-O 13. O-O Qa5 14. Rb2 Rfc8 15.
Rc1 Qd8 16. Rbb1 a5 17. Be2 Na7 18. Bf4 Bxe4 19. Ne1 Rc3 20. f3 Bd5 21. Bg5 Bg7
22. Ra1 Qb6 23. Be3 Nc6 (23... Rxe3 $3) 24. Rd1 Rc8 25. Rac1 Rxe3 26. Qxe3 Bxd4
27. Rxd4 Qxd4 28. Qxd4 Nxd4 29. Bf1 Bxa2 30. Rd1 Nxc2 31. Nxc2 Rxc2 32. Bxb5
Bc4 33. Ba4 b3 34. Rb1 Rc3 35. Kf2 d5 36. Ke1 d4 37. Kd2 Kg7 38. Re1 Re3 39.
Rxe3 dxe3+ 40. Kxe3 b2 41. Bc2 a4 42. Bb1 a3 43. Kd4 a2 44. Bxa2 Bxa2 0-1

[Event "65. BEM 2011"]
[Site "Dortmund"]
[Date "2011.02.10"]
[Round "3.1"]
[White "Schütte, Tobias"]
[Black "Kohlweyer, Bernd"]
[Result "0-1"]
[WhiteElo "1897"]
[BlackElo "2459"]
[PlyCount "130"]
[EventDate "2011.??.??"]
[Source "SG Dortmund"]
[SourceDate "2004.12.16"]

1. f4 g6 2. Nf3 Bg7 3. g3 d6 4. Bg2 e5 5. d3 Ne7 6. c3 O-O 7. O-O Na6 8. e4
exf4 9. gxf4 d5 10. Qc2 c5 11. Na3 Rb8 12. Qf2 b5 13. Nc2 c4 14. dxc4 dxe4 15.
Ng5 bxc4 16. Nxe4 Qc7 17. Nd4 Bf5 18. Ng3 Nc5 19. Ndxf5 Nxf5 20. Nxf5 gxf5 21.
Qg3 Nd3 22. Be3 Rfd8 23. Qg5 Rxb2 24. Rf3 Rd6 25. Qxf5 Bxc3 26. Raf1 Rg6 27.
Rg3 Re2 28. Rxg6+ hxg6 29. Qe4 Ne1 30. Bf3 Nxf3+ 31. Rxf3 Qd7 32. Qxc4 Rxe3 33.
Rxe3 Bd4 34. Qd3 Qd5 35. a3 g5 36. fxg5 Qxg5+ 37. Kf2 Qf4+ 38. Ke2 Qxh2+ 39.
Kf1 Bxe3 40. Qxe3 Qc7 41. Qg5+ Kf8 42. Qh6+ Ke8 43. Qh8+ Ke7 44. Qh4+ f6 45.
Qe4+ Kf8 46. Qb4+ Kf7 47. Qb3+ Kg7 48. Qe3 Qb6 49. Qg3+ Kf7 50. Qd3 Ke6 51.
Qe4+ Kd6 52. Qd3+ Kc5 53. Qc3+ Kb5 54. Qb4+ Kc6 55. Qc3+ Kd5 56. Qd2+ Qd4 57.
Qa5+ Kc4 58. Qb4+ Kd3 59. Qb3+ Kd2 60. Qa2+ Kc1 61. Qe6 Kb2 62. Qh3 a5 63. Ke2
Qc4+ 64. Kf2 Qc3 65. Qf5 Qc2+ 0-1

[Event "65. BEM 2011"]
[Site "Dortmund"]
[Date "2011.02.10"]
[Round "3.2"]
[White "Simon, Thomas"]
[Black "Brockmann, Michael"]
[Result "0-1"]
[WhiteElo "1870"]
[BlackElo "2062"]
[PlyCount "46"]
[EventDate "2011.??.??"]
[Source "SG Dortmund"]
[SourceDate "2004.12.16"]

1. Nf3 g6 2. g3 Bg7 3. d4 d6 4. Bg2 Nf6 5. b3 c5 6. Bb2 Na6 7. d5 c4 8. Na3 b5
9. O-O c3 10. Bxc3 b4 11. Bxf6 Bxf6 12. Nc4 Bxa1 13. Qxa1 O-O 14. Nd4 Bb7 15.
a3 Nc7 16. e4 a5 17. a4 e5 18. Nb5 Nxb5 19. axb5 Qc7 20. f4 f6 21. Bh3 a4 22.
Be6+ Kg7 23. bxa4 Qxc4 0-1

[Event "65. BEM 2011"]
[Site "Dortmund"]
[Date "2011.02.10"]
[Round "3.3"]
[White "Zelt, Jens"]
[Black "Hellwig, Thomas"]
[Result "1-0"]
[WhiteElo "2013"]
[BlackElo "1886"]
[PlyCount "115"]
[EventDate "2011.??.??"]
[Source "SG Dortmund"]
[SourceDate "2004.12.16"]

1. d4 Nf6 2. Nf3 c5 3. c3 e6 4. Bg5 Be7 5. e3 h6 6. Bh4 d5 7. Nbd2 O-O 8. Bd3
b6 9. O-O Nbd7 10. Re1 Bb7 11. Qb1 Nh5 12. Bxe7 Qxe7 13. Ne5 Nxe5 14. dxe5 f5
15. Be2 g6 16. Bxh5 gxh5 17. Qd1 Qf7 18. f4 Kh7 19. Nf3 Rg8 20. Kf2 Rad8 21.
Qe2 Qe7 22. g3 Rg4 23. Rg1 d4 24. cxd4 Bxf3 25. Qxf3 cxd4 26. exd4 Rxd4 27. Qc3
Qd7 28. Rae1 Rd3 29. Qc4 b5 30. Qc5 h4 31. Re3 Rd5 32. Qc3 h3 33. Rc1 Rg7 34.
Rc2 Qb7 35. Qc6 Qe7 36. Ke2 h5 37. Rd3 Rxd3 38. Kxd3 h4 39. Qf3 Qd7+ 40. Ke2
Qe8 41. Kf1 Qg6 42. Rc3 b4 43. Rd3 a5 44. Qd1 Qh6 45. b3 hxg3 46. hxg3 Qg6 47.
Kg1 Qg4 48. Kh2 Kg6 49. Rd8 Kh5 50. Qd3 Kh6 51. Rh8+ Rh7 52. Re8 Qg6 53. Qd8
Rf7 54. Rg8 Qh5 55. Rh8+ Rh7 56. Qf6+ Qg6 57. Qf8+ Kh5 58. Rg8 1-0

[Event "65. BEM 2011"]
[Site "Dortmund"]
[Date "2011.02.10"]
[Round "3.4"]
[White "Kropp, Andreas"]
[Black "Grube, Jörg"]
[Result "1/2-1/2"]
[WhiteElo "1951"]
[BlackElo "1853"]
[PlyCount "61"]
[EventDate "2011.??.??"]
[Source "SG Dortmund"]
[SourceDate "2004.12.16"]

1. e4 e5 2. Nf3 Nc6 3. Bc4 d6 4. c3 Be7 5. d3 Na5 6. Qa4+ c6 7. Bxf7+ Kxf7 8.
b4 b5 9. Qxa5 Qxa5 10. bxa5 Bd8 11. a4 a6 12. Ba3 c5 13. d4 exd4 14. cxd4 Bxa5+
15. Ke2 Nf6 16. Nbd2 Re8 17. dxc5 Nxe4 18. Nxe4 Rxe4+ 19. Kd1 Bg4 20. axb5 dxc5
21. Bxc5 Rd8+ 22. Kc2 Rc4+ 23. Kb3 Rc3+ 24. Kb2 Rxc5 25. Rxa5 Bxf3 26. gxf3
Rd2+ 27. Kb3 Rxf2 28. Rxa6 Rxb5+ 29. Kc4 Rh5 30. Ra7+ Kf6 31. Ra6+ 1/2-1/2

[Event "65. BEM 2011"]
[Site "Dortmund"]
[Date "2011.02.10"]
[Round "3.5"]
[White "Dreier, Daniel"]
[Black "Begna, Bozidar"]
[Result "0-1"]
[WhiteElo "1841"]
[BlackElo "1932"]
[PlyCount "54"]
[EventDate "2011.??.??"]
[Source "SG Dortmund"]
[SourceDate "2004.12.16"]

1. d4 Nf6 2. Nf3 c5 3. c3 Qc7 4. g3 g6 5. Bg2 Bg7 6. Bf4 d6 7. O-O O-O 8. Re1
cxd4 9. cxd4 Qa5 10. Nc3 Qh5 11. Bg5 Bg4 12. Bxf6 Bxf6 13. Qb3 Nc6 14. Qxb7
Rfc8 15. Qa6 Rab8 16. Rab1 Nxd4 17. Ne4 Bg7 18. Nxd4 Bxd4 19. b3 d5 20. e3 Bb6
21. Nd2 Rc2 22. Nf1 Qf5 23. f4 Rbc8 24. Kh1 Rxg2 25. Kxg2 Rc2+ 26. Nd2 Rxd2+
27. Kf1 Qe4 0-1

[Event "65. BEM 2011"]
[Site "Dortmund"]
[Date "2011.02.10"]
[Round "3.6"]
[White "Ziemek, Gerhard"]
[Black "Sonntag, Joachim"]
[Result "1/2-1/2"]
[WhiteElo "1638"]
[BlackElo "1826"]
[PlyCount "83"]
[EventDate "2011.??.??"]
[Source "SG Dortmund"]
[SourceDate "2004.12.16"]

1. d4 d5 2. Nc3 Nf6 3. f3 c6 4. e4 dxe4 5. fxe4 Qa5 6. Bd3 e5 7. dxe5 Ng4 8. h3
Nxe5 9. Nf3 Bd6 10. Bd2 Nxd3+ 11. cxd3 Bg3+ 12. Ke2 Qb6 13. Rf1 O-O 14. b3 f5
15. Be3 Qb4 16. Qd2 Nd7 17. Rac1 Nf6 18. e5 Nh5 19. Kd1 b6 20. Ne2 Qxd2+ 21.
Kxd2 c5 22. Nxg3 Nxg3 23. Rf2 f4 24. Bxc5 bxc5 25. Rxc5 Rd8 26. Kc3 Bf5 27. Nd4
g5 28. Rf3 Bc8 29. e6 Bb7 30. Rxg5+ Kh8 31. Rxf4 Rxd4 32. Rxd4 Ne2+ 33. Kc4
Ba6+ 34. Kc5 Rc8+ 35. Kd5 Rd8+ 36. Ke5 Nxd4 37. e7 Nc6+ 38. Ke6 Re8 39. Kd7
Rxe7+ 40. Kxc6 Bxd3 41. Kd6 Re2 42. a4 {(=)} 1/2-1/2

[Event "65. BEM 2011"]
[Site "Dortmund"]
[Date "2011.02.10"]
[Round "3.7"]
[White "Schiefelbusch, Dirk"]
[Black "Zachos, Ingo"]
[Result "1-0"]
[WhiteElo "2070"]
[BlackElo "1999"]
[PlyCount "49"]
[EventDate "2011.??.??"]
[Source "SG Dortmund"]
[SourceDate "2004.12.16"]

1. d4 Nf6 2. Nf3 g6 3. Bg5 Bg7 4. e3 O-O 5. c4 d6 6. Nc3 c6 7. Be2 Qe8 8. h3 a6
9. O-O b5 10. b4 Nfd7 11. a4 bxc4 12. Bxc4 d5 13. Be2 e5 14. Qb3 exd4 15. exd4
Bb7 16. Rfe1 Qc8 17. Rac1 f6 18. Nxd5 Kh8 19. Bf4 Ra7 20. Nc7 Nb6 21. a5 Na8
22. Ne6 Re8 23. Nxg7 Kxg7 24. d5 Qd7 25. Be3 1-0

[Event "65. BEM 2011"]
[Site "Dortmund"]
[Date "2011.02.10"]
[Round "3.9"]
[White "Hoppe, Dirk"]
[Black "Benke, Werner"]
[Result "1-0"]
[WhiteElo "1815"]
[BlackElo "1543"]
[PlyCount "63"]
[EventDate "2011.??.??"]
[Source "SG Dortmund"]
[SourceDate "2004.12.16"]

1. e4 c5 2. Nc3 d6 3. g3 e5 4. Bg2 Nf6 5. d3 Be7 6. Nge2 Bg4 7. h3 Bxe2 8. Nxe2
Nbd7 9. Be3 Qc7 10. Qd2 Qb6 11. c3 a6 12. O-O O-O 13. Kh2 Qc7 14. f4 Rfe8 15.
f5 h6 16. g4 Nh7 17. Ng3 Bg5 18. Bxg5 hxg5 19. Qf2 Rac8 20. Rad1 b6 21. Rd2 Kh8
22. Rfd1 Ndf6 23. Nf1 Qe7 24. Ne3 Kg8 25. Bf3 Kh8 26. Kg2 Kg8 27. Rh1 g6 28. h4
Kg7 29. hxg5 Nxg5 30. Qh4 Nfh7 31. Nd5 Qd8 32. f6+ 1-0

[Event "65. BEM 2011"]
[Site "Dortmund"]
[Date "2011.02.10"]
[Round "3.10"]
[White "Horenburg, Oliver"]
[Black "Völler, Lothar"]
[Result "1/2-1/2"]
[WhiteElo "1785"]
[BlackElo "1492"]
[PlyCount "120"]
[EventDate "2011.??.??"]
[Source "SG Dortmund"]
[SourceDate "2004.12.16"]

1. d4 c5 2. Nf3 e6 3. e3 d5 4. b3 cxd4 5. exd4 Nf6 6. Bb2 Bd6 7. Nbd2 O-O 8.
Bd3 b6 9. O-O Ba6 10. c4 dxc4 11. Nxc4 Bb7 12. Nfe5 Nc6 13. a3 Ne7 14. Rc1 Rc8
15. Qe2 Ng6 16. Nxg6 hxg6 17. a4 Bb8 18. Rfd1 Nd5 19. Ne5 Nf4 20. Qg4 Rxc1 21.
Bxc1 Bxe5 22. Bxf4 Bxf4 23. Qxf4 Qd5 24. Qg4 Qxb3 25. h4 Qxa4 26. h5 f5 27. Qe2
Qc6 28. f3 gxh5 29. Bc4 Bc8 30. Kh1 Qe8 31. Re1 Qe7 32. Bxe6+ Bxe6 33. Qxe6+
Qxe6 34. Rxe6 Rd8 35. Re7 Rxd4 36. Rxa7 b5 37. Rb7 b4 38. Kh2 Kh7 39. Kh3 Kh6
40. g3 Rd3 41. f4 b3 42. Rb6+ g6 43. Rb7 Rc3 44. Rb6 Kg7 45. Rb7+ Kf6 46. Rb6+
Kf7 47. Kh4 Rf3 48. Kh3 Re3 49. Kh4 Re2 50. Rxb3 Rh2+ 51. Kg5 Rg2 52. Kh4 Rh2+
53. Kg5 Rg2 54. Rb7+ Ke6 55. Rb6+ Kf7 56. Rb3 Rg1 57. Kh6 h4 58. gxh4 Rg4 59.
Rb7+ Kf6 60. Rb6+ Kf7 1/2-1/2

[Event "65. BEM 2011"]
[Site "Dortmund"]
[Date "2011.02.10"]
[Round "3.11"]
[White "Stukemeier, Ralf"]
[Black "Tekin, Baran"]
[Result "1-0"]
[WhiteElo "1779"]
[BlackElo "1481"]
[PlyCount "65"]
[EventDate "2011.??.??"]
[Source "SG Dortmund"]
[SourceDate "2004.12.16"]

1. e4 d6 2. d4 g6 3. Nc3 a6 4. a4 b6 5. Be3 Bb7 6. Nf3 Nd7 7. Bd3 Ngf6 8. h3 c5
9. d5 Qc7 10. O-O Bg7 11. Re1 Rc8 12. Qd2 c4 13. Bf1 Nc5 14. Bh6 Bxh6 15. Qxh6
Qd7 16. Ng5 b5 17. axb5 axb5 18. Qg7 Rf8 19. Ra5 Ba6 20. b4 Qc7 21. Nxh7 Nxh7
22. Qxh7 Qb6 23. Rea1 Na4 24. Nxa4 bxa4 25. R5xa4 Bb7 26. c3 Qd8 27. Qg7 Qd7
28. Qd4 f6 29. Bxc4 Kf7 30. Ra7 Ra8 31. Qb6 Rxa7 32. Rxa7 Rb8 33. Ba6 1-0

[Event "65. BEM 2011"]
[Site "Dortmund"]
[Date "2011.02.10"]
[Round "3.12"]
[White "Grawe, Herbert"]
[Black "Schulz-Runge, Michael"]
[Result "0-1"]
[WhiteElo "1457"]
[BlackElo "1766"]
[PlyCount "68"]
[EventDate "2011.??.??"]
[Source "SG Dortmund"]
[SourceDate "2004.12.16"]

1. Nc3 d5 2. e4 d4 3. Nce2 c5 4. Ng3 a6 5. Bc4 e6 6. a4 Nc6 7. d3 Bd7 8. f4 h5
9. e5 Nge7 10. Nf3 h4 11. Ne4 Nf5 12. O-O Na5 13. Ba2 Bc6 14. Nfg5 c4 15. Qg4
Qd7 16. Bd2 b6 17. Bxa5 Ne3 18. Qh3 Bxe4 19. dxe4 bxa5 20. f5 exf5 21. Rxf5
Nxf5 22. exf5 Qc6 23. b3 d3 24. cxd3 cxb3 25. Bxb3 Qb6+ 26. Kh1 Qxb3 27. Qf3
Rc8 28. h3 Qb2 29. Re1 Qd2 30. Re3 Bc5 31. Qd5 Qd1+ 32. Kh2 O-O 33. Qe4 Bxe3
34. Qxe3 Rc1 0-1

[Event "65. BEM 2011"]
[Site "Dortmund"]
[Date "2011.02.10"]
[Round "3.15"]
[White "Jähnicke, Karl-Heinz"]
[Black "Vogt, Christian"]
[Result "1-0"]
[WhiteElo "1694"]
[BlackElo "1376"]
[PlyCount "107"]
[EventDate "2011.??.??"]
[Source "SG Dortmund"]
[SourceDate "2004.12.16"]

1. d4 Nf6 2. c4 g6 3. Nc3 d5 4. Nf3 Bg7 5. e3 O-O 6. Bd3 c5 7. cxd5 cxd4 8.
exd4 Nxd5 9. h3 Nc6 10. Be4 Nf6 11. Bxc6 bxc6 12. O-O Ne8 13. Re1 Nc7 14. Qa4
Bb7 15. Qb4 Qc8 16. Rxe7 Bf6 17. Re3 Rd8 18. Bd2 Ne6 19. Rae1 c5 20. dxc5 Bxf3
21. Rxf3 Rxd2 22. Ne4 Rd4 23. Nxf6+ Kg7 24. Qc3 Qxc5 25. Ng4 Qxc3 26. Rxc3 Rd2
27. Rb3 Nc5 28. Rb5 Nd3 29. Rd5 Nxe1 30. Rxd2 Rc8 31. Rd1 Nc2 32. Rc1 Rc6 33.
Ne5 Rc5 34. Nf3 Rc6 35. a3 a5 36. Nd2 Nd4 37. Rc4 Rxc4 38. Nxc4 Nc6 39. Kf1 Kf6
40. Ke2 Ke6 41. Kd3 Kd5 42. Kc3 Kc5 43. Nxa5 Nxa5 44. b4+ Kb5 45. bxa5 Kxa5 46.
Kd4 Ka4 47. g4 Kxa3 48. Ke5 Kb3 49. Kf6 Kc3 50. Kxf7 Kd4 51. Kg7 h5 52. Kxg6
hxg4 53. hxg4 Ke4 54. Kf6 1-0

[Event "65. BEM 2011"]
[Site "Dortmund"]
[Date "2011.02.10"]
[Round "3.16"]
[White "Schlepütz, Volker"]
[Black "Schultz, Bernfried"]
[Result "0-1"]
[WhiteElo "1326"]
[BlackElo "1692"]
[PlyCount "75"]
[EventDate "2011.??.??"]
[Source "SG Dortmund"]
[SourceDate "2004.12.16"]

1. d4 Nf6 2. Nf3 e6 3. Bf4 d5 4. e3 Bd6 5. Bd3 Bxf4 6. exf4 Qd6 7. g3 Qb4+ 8.
Nc3 Qxb2 9. Nb5 Qb4+ 10. c3 Qe7 11. a4 c6 12. Na3 Nbd7 13. O-O O-O 14. Qc2 h6
15. Rfe1 a6 16. Ne5 c5 17. Nxd7 Bxd7 18. f5 Rac8 19. fxe6 fxe6 20. Qe2 cxd4 21.
cxd4 Ne8 22. Nc2 Qf6 23. f4 Nd6 24. Qe5 Nc4 25. Bxc4 Rxc4 26. Qd6 Bc8 27. Ra2
Qg6 28. Nb4 Rxd4 29. Qb6 Rdxf4 30. Rae2 R4f6 31. Re5 Qf7 32. Kg2 Rf2+ 33. Kh3
g5 34. Qd4 Qh5+ 35. Qh4 Qxh4+ (35... g4# $1) 36. gxh4 R8f3+ 37. Kg4 Rf4+ 38.
Kh5 {und Weiss gab zugleich auf.} 0-1